Regions of Slovakia Quiz - Statistics

General Stats
  • This quiz has been taken 13 times
  • The average score is 7 of 8
Answer Stats
Kraje % Correct
Bratislava
100%
Banská Bystrica
91%
Košice
91%
Nitra
91%
Trnava
91%
Prešov
82%
Žilina
82%
Trenčín
73%
No matching quizzes found
Score Distribution
Percent of People with Each Score
Percentile by Number Answered
Your Score History
You have not taken this quiz